|
|
|
|
| LEADER |
01597njm a2200469 a 4500 |
| 001 |
000265913 |
| 003 |
CZ BrMZK |
| 005 |
19950101143423.0 |
| 008 |
950101s1992 xr f eng d |
| 028 |
0 |
3 |
|a 81 1165-2311
|b Panton
|
| 040 |
|
|
|a BOA001
|b cze
|
| 080 |
|
|
|a 784.7:796.54(086.7)
|2 MRF
|
| 080 |
|
|
|a 784.4.03(086.7)
|2 MRF
|
| 110 |
2 |
|
|a Noví Zelenáči Mirka Hoffmanna (hudební skupina)
|7 ko2003171941
|4 prf
|
| 245 |
1 |
0 |
|a I see America
|h [zvukový záznam] /
|c Nový Zelenáči Mirka Hoffmanna.
|
| 246 |
3 |
3 |
|a Roll out the Barrels
|
| 246 |
3 |
3 |
|a Rolling In My Sweet Baby's Arms
|
| 246 |
3 |
3 |
|a Sloop John B
|
| 246 |
3 |
3 |
|a American medley
|
| 246 |
3 |
3 |
|a Battle hymn of the republic
|
| 246 |
3 |
3 |
|a Clementine
|
| 246 |
3 |
3 |
|a Cottonfields
|
| 246 |
3 |
3 |
|a Down by the riverside
|
| 246 |
3 |
3 |
|a Good Night Irene
|
| 246 |
3 |
3 |
|a I see America
|
| 246 |
3 |
3 |
|a Oh Susanah
|
| 246 |
3 |
3 |
|a On Top Of Old Smokey
|
| 246 |
3 |
3 |
|a Orange Blossom Special
|
| 246 |
3 |
3 |
|a Precious Memories
|
| 246 |
3 |
3 |
|a Red river Valley
|
| 260 |
|
|
|a Praha :
|b Panton,
|c p1992
|
| 300 |
|
|
|a 1 CD :
|b stereo, ADD ;
|c 12 cm +
|e 1 slož. list.
|
| 500 |
|
|
|a Nahr. 1992
|
| 500 |
|
|
|a Text v doprovod. mater. vícejaz.
|
| 505 |
2 |
|
|a American Medley, Battle Hymn Of The Republic, Clementine ... [et al.]
|
| 653 |
0 |
|
|a country hudba
|a trampské písně
|
| 700 |
1 |
|
|a Bukovič, Michal,
|d 1943-2008
|7 xx0013285
|4 adp
|
| 910 |
|
|
|a BOA001
|b CD-0001.035
|
| 964 |
|
|
|a Hudba country
|x CD
|
| 964 |
|
|
|a Písně trampské
|x CD
|
| 990 |
|
|
|a AV
|
| 996 |
6 |
|
|b 261H001060
|c CD-0001.035
|l MZK
|r Sklad / do 24 hodin
|n 0
|w 000265913
|u 000010
|a 1
|e BOA001
|j MZK50
|s P
|